Stellar astronomy (Record no. 7965)

MARC details
000 -LEADER
fixed length control field 00556nam a2200181Ia 4500
003 - CONTROL NUMBER IDENTIFIER
control field IN-BaIIA
008 - FIXED-LENGTH DATA ELEMENTS--GENERAL INFORMATION
fixed length control field 211028s9999 xx 000 0 eng d
040 ## - CATALOGING SOURCE
Transcribing agency IIA Library
080 ## - UNIVERSAL DECIMAL CLASSIFICATION NUMBER
Universal Decimal Classification number 524.31(091)
Item number HOS
100 ## - MAIN ENTRY--PERSONAL NAME
Personal name Hoskin, M.
9 (RLIN) 13435
245 #0 - TITLE STATEMENT
Title Stellar astronomy
Remainder of title historical studies
Statement of responsibility, etc. Hoskin, M.
260 ## - PUBLICATION, DISTRIBUTION, ETC.
Place of publication, distribution, etc. London
Name of publisher, distributor, etc. Science History Publications
Date of publication, distribution, etc. 1982
300 ## - PHYSICAL DESCRIPTION
Extent iv, 197p.
650 ## - SUBJECT ADDED ENTRY--TOPICAL TERM
Topical term or geographic name entry element Astronomy and Astrophysics Thesaurus
650 ## - SUBJECT ADDED ENTRY--TOPICAL TERM
Topical term or geographic name entry element Stars
650 ## - SUBJECT ADDED ENTRY--TOPICAL TERM
Topical term or geographic name entry element Stellar Systems
9 (RLIN) 3271
942 ## - ADDED ENTRY ELEMENTS (KOHA)
Koha item type Books
Holdings
Withdrawn status Lost status Damaged status Not for loan Home library Current library Shelving location Date acquired Total Checkouts Full call number Barcode Date last seen Price effective from Koha item type Purchase Price
        IIA Library-Bangalore IIA Library-Kavalur General Stacks 15/10/1984   524.31(091)/ HOS 8788 05/11/2021 15/10/1984 Books £ 11.95

Powered by Koha